000 00373nam a2200157Ia 4500
003 Ost
005 20260225132555.0
008 260225s9999||||xx |||||||||||||| ||und||
040 _cfsic
041 _afre
082 _a440
100 _aGilles Willett
_eAuteur
245 0 _aDe La Communication à la télécommunication /
245 0 _cGilles Willett
942 _cكتاب
999 _c34407
_d34407